| 000 | 00711nam a2200241 a 4500 | ||
|---|---|---|---|
| 001 | 57931 | ||
| 003 | BD-RjUL | ||
| 005 | 20211209080551.0 | ||
| 008 | 161212s1990 enka 001 0 eng | ||
| 020 | _a0566052091 | ||
| 035 | _a(BD-RjUL) 58055 | ||
| 040 |
_aDLC _cDLC _dBD-RjUL _beng |
||
| 041 | _aeng | ||
| 082 |
_223 _a020 _bBAU 1990 |
||
| 100 | 1 |
_aBawden, David. _9172064 |
|
| 245 | 1 | 0 |
_aUser-oriented evaluation of information systems and services / _cDavid Bawden. |
| 260 |
_aBrookfield, Vt., USA : _bGower, _cc1990. |
||
| 300 |
_avi, 209 p. : _bill. ; _c24 cm. |
||
| 500 | _aInclude index | ||
| 650 |
_a Information services. Libraries. _9172065 |
||
| 942 |
_2ddc _cBK |
||
| 999 |
_c57931 _d57931 |
||